00490nam a2200169 a 4500008004100000020001500041050001700056100002000073245004900093250001100142260004200153300002300195350000900218650001600227650003600243650004100279120416s1988 ||||||||||||||||| || u a0673189457 aHC 79.E5 Tie aTietenberg, Tom10aEnvironmental and natural resource economics a2nd ed aGlenview, Ill.bScott & Foremanc1988 axviii, 559p. : ill a0.00 aENVIRONMENT 0aENVIRONMENTAL POLICY--MACEDONIA aNATURAL RESOURCES--GOVERNMENT POLICY